|
|
|
|
| LEADER |
00717nam a22002057a 4500 |
| 008 |
200118b xxu||||| |||| 00| 0 eng d |
| 999 |
|
|
|c 28293
|d 28293
|
| 020 |
|
|
|a 9789386602596
|
| 082 |
|
|
|a 155.849483
|b MIS
|
| 100 |
|
|
|a Mishra, Ramesh C.
|
| 245 |
|
|
|a Ecology culture and Human development /
|c Ramesh C. Mishra and John W. Berry
|
| 250 |
|
|
|a 1st ed.
|
| 260 |
|
|
|a New Delhi :
|b Sage Publications,
|c 2018.
|
| 300 |
|
|
|a 216p.
|
| 650 |
|
|
|a Adivasi education
|
| 650 |
|
|
|a Human development
|
| 650 |
|
|
|a Cultural groups
|
| 700 |
|
|
|a Berry, John W.
|
| 942 |
|
|
|2 ddc
|c BK
|
| 952 |
|
|
|0 0
|1 0
|2 ddc
|4 0
|6 155_849483000000000_MIS
|7 0
|9 38840
|a MAIN
|b MAIN
|d 2020-01-18
|e Current Books
|g 795.00
|o 155.849483 MIS
|p 35063
|r 2020-01-18
|t 1
|w 2020-01-18
|y BK
|